Karl Urban Filmography - Statistics

General Stats
  • This quiz has been taken 31 times
    11 since last reset
  • The average score is 28 of 57
Answer Stats
Type Year Name % Correct
Web Series 2019-Present The Boys
100%
Film 2012 Dredd
88%
Film 2003 The Lord of the Rings: The Return of the King
88%
Film 2002 The Lord of the Rings: The Two Towers
88%
Film 2017 Thor: Ragnarok
88%
Film 2009 Star Trek
75%
Video Game 2013 Star Trek
75%
Film 2025 Mortal Kombat II
63%
Film 2016 Pete's Dragon
63%
Film 2004 The Chronicles of Riddick
63%
Film 2022 The Sea Beast
63%
TV Show 2013-2014 Almost Human
50%
Film 2018 Bent
50%
Film 2005 Doom
50%
Web Series 2023, 2025 Gen V
50%
Film 2002 Ghost Ship
50%
Film 2017 Hangman
50%
Film 2007 Pathfinder
50%
Film 2011 Priest
50%
Film 2010 RED
50%
Film 2013 Riddick
50%
Film 2016 Star Trek Beyond
50%
Film 2013 Star Trek Into Darkness
50%
Film 2019 Star Wars: Episode IX - The Rise of Skywalker
50%
Film TBA The Bluff
50%
Film 2004 The Bourne Supremacy
50%
Film 2014 The Loft
50%
TV Show 1996-2001 Xena: Warrior Princess
50%
Film 2017 Acts of Vengeance
38%
TV Film 1997 Amazon High
38%
Film 2010 And Soon the Darkness
38%
Web Series 2024 ARK: The Animated Series
38%
Film 2020 Batman: Death in the Family
38%
Short Film 2020 Butcher: A Short Film
38%
Film 1992 Chunuk Bair
38%
TV Mini-Series 2008 Comanche Moon
38%
Short Film 2019 DC Showcase: Sgt. Rock
38%
Film 1998 Heaven
38%
TV Show 1996, 1998 Hercules: The Legendary Journeys
38%
TV Show 1992 Homeward Bound
38%
Film TBA I, Object
38%
Film 2006 Out of the Blue
38%
TV Show 2003 Pulp Sport
38%
Short Film 2013 Riddick: Blindsided
38%
TV Show 1995 Riding High
38%
TV Show 1991 Shark in the Park
38%
TV Show 1993-1994 Shortland Street
38%
TV Show 2014 Short Poppies
38%
Film 2000 The Price of Milk
38%
TV Film 2000 The Privateers
38%
Film 2000 Truth About Demons
38%
Film 1998 Via Satellite
38%
Film 2013 Walking with Dinosaurs 3D
38%
TV Show 1993 White Fang
38%
TV Show 1996 Cover Story
25%
Theater 1998 Julius Caesar
25%
Theater 1998 The Herbal Bed
25%
No matching quizzes found
Score Distribution
Percent of People with Each Score
Percentile by Number Answered
Your Score History
You have not taken this quiz since the last reset